Ruin More Books With One Letter - Statistics

General Stats
  • This quiz has been taken 17 times
  • The average score is 8 of 10
Answer Stats
Author Letter Description Answer % Correct
G. Orwell F A satirical fable about a veterinarian's obsession with limbs. Animal Arm
94%
J. Austen P A classic novel of five sisters battling societal norms while competing as cyclists. Ride and Prejudice
94%
A. Huxley B A dystopian tale of a world where everyone participates in days-long EDM concerts. Rave New World
88%
F. Dostoevsky C An archaic ode to the Russian penal code. Rime and Punishment
88%
J. R. R. Tolkien N A British aristocrat strives to become the best sailmaker on Earth. The Lord of the Rigs
88%
C. Bronte R The inspiring story of a woman's ascent as a successful optometrist. Jane Eye
75%
C. Dickens B The literary critique of a poorly weatherized British dwelling. Leak House
69%
G. G. Márquez Y The multi-generational story of a family of corn huskers. One Hundred Ears of Solitude
63%
T. Capote L A true crime novel set among Alaskan fishermen. In Cod Blood
50%
T. Mann C A novel about a young man visiting the mountainous home of the Three Wise Men. The Magi Mountain
44%
No matching quizzes found
Score Distribution
Percent of People with Each Score
Percentile by Number Answered
Your Score History
You have not taken this quiz